| 000 | 00432nam a22001817a 4500 | ||
|---|---|---|---|
| 003 | MPLRDC | ||
| 005 | 20220104143236.0 | ||
| 008 | 210129b ||||| |||| 00| 0 eng d | ||
| 082 | _a997.12 ZJZ | ||
| 100 | _a朱晋桢著 | ||
| 245 |
_a桔中秘 _c |
||
| 250 | _a一版一刷 | ||
| 260 |
_a _b成都棋苑编辑委员会 _c1981 |
||
| 300 | _b平 | ||
| 490 | _a中国象棋古典名著 | ||
| 650 | _a | ||
| 942 |
_cBK _o997.12 ZJZ |
||
| 999 |
_c37987 _d37977 |
||